| 000 | 00361 a2200157 4500 | ||
|---|---|---|---|
| 001 | 56513 | ||
| 020 | _a8526216937 | ||
| 040 | _cAnchieta - Pituba | ||
| 100 | _aAbramovich, Fanny | ||
| 240 | 1 | 0 |
_aQue raio de professora sou eu? _lpor |
| 245 | 1 | 0 | _aQue raio de professora sou eu? |
| 300 | _a96 | ||
| 362 | 0 | _a1999 | |
| 650 | 4 | _aLiteratura juvenil | |
| 942 | _cBK | ||
| 999 |
_c56513 _d56513 |
||